000 03193nam a2200421 a 4500
001 41557
003 BD-RjUL
005 20211209053417.0
008 160601m19811978bg ||||| |||| 00| 0 ben d
020 _c: TK 17.00 (V-2)
020 _c: TK 25.50 (V-4)
020 _c: TK 20.00 (V-6)
020 _c: TK 19.00 (V-8)
020 _c: TK 17.50 (V-9)
020 _c: TK 23.00 (V-10)
020 _c: TK 13.50 (V-11)
020 _c: TK 18.00 (V-12)
020 _c: TK 20.00 (V-13)
020 _c: TK 29.50 (V-14)
020 _c: TK 28.50 (V-15)
020 _c: TK 31.00 (V-16)
020 _c: TK 36.00 (V-17)
020 _c: TK 27.50 (V-18)
020 _c: TK 33.00 (V-19)
035 _a(BD-RjUL)41675
040 _aBD-RjUL
_bben
_cBD-RjUL
041 _aben
082 _223
_a297.1229
_bMAT V-2-19 1978-1981
100 1 _aমওদূদী, সাইয়েদ আবুল আ'লা
_9123985
245 1 0 _aতাফহীমুল কোরআন /
_cসাইয়েদ আবুল আ'লা মওদূদী ; অনুবাদ: মুহাম্মাদ আবদুর রহীম
260 _aঢাকা :
_bআধুনিক প্রকাশনী,
_c১৯৭৮-১৯৮১
300 _a খণ্ড ;
_c২৪ সেমি.
505 0 _aখণ্ড ২, সূরা আলে-ইমরান ও সূরা আন-নেসা --- খণ্ড ৪, সূরা আল-আরাফ - সূরা আল-আনফাল -- খন্ড ৬, সূরা হুদ--সূরা ইবরাহীম --- খণ্ড ৮, সূরা মরিয়ম-সূরা আল-হজ্জ --- খণ্ড ৯, সুরা আল-মু'মেনুন ও সুরা আন-নূর --- খন্ড ১০, সূরা আল-ফোরকান-সূরা আল-কাছাছ --- খণ্ড ১১, সূরা আল-আনকাবুত- সূরা আস-সাজদা --- খন্ড ১২, সূরা আল-আহজাব, সূরা সাবা, সূরা ফাতের --- খণ্ড, ১৩, সূরা ইয়াসীন -- সূরা আল-মূ`মেন --- খণ্ড ১৪, সূরা হা-মীম আস-সিজদা- সূরা আল-আহকাফ --- খণ্ড ১৫, সুরা মুহাম্মাদ-সুরা আত্‌-তুর --- খণ্ড ১৬. সুরা আন-নাজম - সুরা আ্ল-মুজাদালা --- খণ্ড ১৭, সুরা আল-হাশর - সুরা আত্‌-তাহরীম --- খণ্ড ১৮, সূরা আল-মুলক - সূরা আল-সুরসালাত --- খণ্ড ১৯: আমপারা, সূরা না'বা-আন-নাস --
650 _aকুরআন
_xপৃথক সূরা এবং সূরাসমূহ
_xঅনুবাদ এবং ব্যাখ্যা
_9237309
650 _aQuran
_xIndividual suras and groups of suras
_xTranslation and Iterpretation
_9237310
700 _aরহীম, মুহাম্মাদ আবদুর, অনুবাদক
_9237311
942 _2ddc
_cBK
999 _c41557
_d41557